00399nam a22000977a 4500008004100000040005500041080002300096245011200119260006100231300000900292230602b |||||||| |||| 00| 0 eng d aNational Science LibrarycNational Science Library a616-001(082.2)bP3 aIndian society of wound managementc/ International meet on woundhealing woundcon 2003 22-23 February, 2003 aTamil Nadu: bCentral Leather Research Institute, c2003 a58p.